000 01654aab a2200385 a 4500
003 AR-RoUNA
008 140529||||||||||||||||| |||| 0|||| d
040 _aAR-RoUNA
_bspa
041 _aspa
_aeng
044 _aag
080 _a72.036
092 _lON58
245 1 3 _aOn Diseño /
_nNº 190
260 _aBarcelona :
_bOn Diseño,
_c1996
300 _a199 p. :
_bdib.
_bfot. col.
_bplantas
_c29x24 cm
505 0 _aBaldeweg Navarro Juan/ Nuevo edificio de juzgados en Mao. Menorca. p 90
505 0 _aGonzalez Primitivo / Vivienda unifamiliar y estudio en el Pinar de Antequena, (Vallodlid). p. 100
505 0 _aGonzalez Cordón y Garcia Vazquez Carlos / Edificios en el puerto deportivo en Mazagón. Huelva. p. 110
505 0 _aBonell Esteve y Gil Josep María / Remodelación de antiguos cuarteles en sede universitaria. (Barcelona). p. 128
505 0 _aBatle Enric, Ribas Franceesc y Roing Joan / Sede central del Real Automóvil Club de Catalunya. p. 142
505 0 _aBaldeweg Juan Navarro / Edificio para la Junta de Extremadura. (Mérida). p. 154
505 0 _tDISEÑO OBJETUAL
505 0 _aEl Diseño objetual en los Premios Delta ADI /FAD (2). p. 166
505 0 _aLos Contenedores Arquitectónicos de Jaume Maymó. p. 200
650 _aArquitectura contemporanea
_912621
653 _aExposiciones
653 _aPremios
700 1 _aLlopis, Carme
_edrt
_912622
773 _aOn Diseño
_dBarcelona, AramEdiciones S.A, 1996
_gNº190 ( 1998). p.199
_x0210-2080
908 _aImp
930 _c170
_e6916
942 _2udc
_cART
945 _aMBP
_d2019-02-20
980 _86
_gMirna Bonanno Potro
_66
_aMirna Bonanno Potro
999 _c12102
_d12102